| 000 | 00678nam a2200277Ia 4500 | ||
|---|---|---|---|
| 008 | 160803s9999 xx 000 0 und d | ||
| 020 | _a9780763637460 | ||
| 100 | _aBecker, Bonny | ||
| 245 | 2 | _aA birthday for Bear / | |
| 245 | _cBonny Becker ; illustrated by Kady MacDonald Denton. | ||
| 260 | _aNew York : | ||
| 260 | _bScholastic Inc. | ||
| 260 | _c2009 | ||
| 300 | _a50 pages : | ||
| 300 | _bcolor illustrations ; | ||
| 300 | _c24 cm | ||
| 650 | _aBears -- | ||
| 650 | _aBirthdays -- | ||
| 650 | _aFriendship -- | ||
| 650 | _aMice -- | ||
| 650 | _xFiction. | ||
| 650 | _xFiction. | ||
| 650 | _xFiction. | ||
| 650 | _xFiction. | ||
| 700 | _a520 | ||
| 999 |
_c299786 _d299786 |
||